000
00297nam a2200121Ia 4500
008
190216s9999||||xx |||||||||||||| ||und||
100
_a
Bugrov S And Nikolsky S M
245
2
_a
A Collection Of Problems
260
_b
Mir Pubs Moscow
_c
1984
300
_a
190p
650
_a
Mathematics
942
_c
BK
999
_c
30919
_d
30919